[Event "5th ZNG111 GM"]
[Site "Opatija CRO"]
[Date "2003.06.09"]
[Round "2"]
[White "Guidarelli,L"]
[Black "Chatalbashev,B"]
[Result "1/2-1/2"]
[WhiteElo "2388"]
[BlackElo "2525"]

1.e4 c5 2.Nc3 Nc6 3.Bb5 Nd4 4.Bc4 e6 5.Nf3 Ne7 6.Nxd4 cxd4 7.Ne2 Nc6 8.O-O Be7
9.d3 O-O 10.Bb3 b5 11.f4 b4 12.f5 a5 13.Ba4 Bb7 14.Ng3 Ne5 15.Bf4 f6 16.Bxe5 fxe5
17.Qg4 Bf6 18.fxe6 dxe6 19.Qxe6+ Kh8 20.Nh5 Ra6 21.Qc4 Qe7 22.Rf3 g6 23.Ng3 Rc8
24.Qb3 Rb6 25.Nf1 Kg7 26.Nd2 Ba6 27.Raf1 Rc7 28.a3 Bg5 29.Nc4 Bxc4 30.dxc4 Qc5
31.Qd3 bxa3 32.bxa3 Qxc4 33.Qxc4 Rxc4 34.Rf7+ Kh6 35.Bb3 Rc3 36.R1f3 Rxf3
37.Rxf3 a4 38.Bxa4 Be3+ 39.Kf1 Rb1+ 40.Ke2 Rg1 41.h3 Rxg2+ 42.Kf1 Rg1+ 43.Ke2 Kg5
44.Bb3 Kh4 45.a4 h5 46.Bf7 g5 47.Bb3 g4 48.hxg4 hxg4 49.Rf7 Rg2+ 50.Kf1 Kg3
51.a5 Bf4 52.a6 Kf3  1/2-1/2

[Event "IEWCC"]
[Site "Istanbul TUR"]
[Date "2003.06.12"]
[Round "9"]
[White "Galliamova,A"]
[Black "Cmilyte,V"]
[Result "0-1"]
[WhiteElo "2489"]
[BlackElo "2430"]

1.e4 c5 2.Ne2 Nc6 3.Nbc3 Nf6 4.f4 d5 5.e5 d4 6.Na4 Nd7 7.Ng3 e6 8.Bd3 Nb4
9.Be4 f5 10.a3 Na6 11.Bf3 Be7 12.c3 Rb8 13.cxd4 cxd4 14.b4 O-O 15.Qb3 Nc7
16.Ne2 d3 17.Nec3 g5 18.Nb2 g4 19.Bd1 Nb6 20.O-O Qd4+ 21.Kh1 Rd8 22.Qa2 Kg7
23.Bb3 Nbd5 24.Bxd5 Nxd5 25.Nxd5 Qxd5 26.Qxd5 Rxd5 27.Re1 b6 28.Nd1 Rd4 29.g3 a5
30.Bb2 Rd8 31.Bc3 Bb7+ 32.Kg1 Ra8 33.Rb1 Bf3 34.Ne3 Rdc8 35.bxa5 bxa5 36.a4 Rxc3
37.dxc3 d2 38.Rf1 Bc5 39.Rxf3 gxf3 40.Kf2 Rd8 41.Kxf3 Bxe3 42.Rd1 Bc5 43.Ke2 h5
44.h3 Kg6 45.Kf1 Rd3 46.Ke2 Rxg3 47.Kxd2 Rxh3 48.Rb1 Rg3 49.Rb5 Be3+ 50.Ke2 Bxf4
51.Rxa5 Rxc3  0-1

[Event "IHEM"]
[Site "Hamburg GER"]
[Date "2003.06.13"]
[Round "7"]
[White "Hector,J"]
[Black "Lindinger,M"]
[Result "1-0"]
[WhiteElo "2553"]
[BlackElo "2304"]

1.e4 c5 2.Nf3 Nc6 3.Nc3 Nf6 4.e5 Ng4 5.Qe2 Qc7 6.Nb5 Qb8 7.d4 a6 8.Nd6+ exd6
9.exd6+ Kd8 10.dxc5 b6 11.Ng5 Nh6 12.Ne4 Nd4 13.Qh5 bxc5 14.Bxh6 Qxb2 15.Rc1 Nxc2+
16.Kd1 Qd4+ 17.Bd2 Qxe4 18.Qxc5 Qd4 19.Qa5+ Ke8 20.Kxc2 Bxd6 21.Re1+ Be7
22.Bc3 Qxf2+ 23.Re2 Qh4 24.g3 Qg4 25.Qd5 Ra7 26.Rxe7+ Kxe7 27.Qc5+  1-0

[Event "IHEM"]
[Site "Hamburg GER"]
[Date "2003.06.15"]
[Round "9"]
[White "Hector,J"]
[Black "Rogozenko,D"]
[Result "1/2-1/2"]
[WhiteElo "2553"]
[BlackElo "2519"]

1.e4 c5 2.Nf3 Nc6 3.Nc3 g6 4.d4 cxd4 5.Nxd4 Bg7 6.Be3 Nf6 7.Bc4 d6 8.h3 O-O
9.Bb3 Na5 10.O-O b6 11.f3 Bb7 12.Rf2 Qc8 13.Qf1 Ba6 14.Qe1 Nc4 15.Bxc4 Qxc4
16.b3 Qc8 17.Nd5 Nxd5 18.exd5 e5 19.dxe6 fxe6 20.c4 d5 21.cxd5 exd5 22.Rc2 Qd7
23.Qd2 Rfc8 24.Rxc8+ Rxc8 25.Rd1 Qd6 26.Nc2 Rc3 27.Bd4 Rd3 28.Qe2 Rxd1+ 29.Qxd1 Bh6
30.Qe1 Kf7 31.Qc3 Bb7 32.Nb4 Bf4 33.Nd3 Bg3 34.Qd2 Ba6 35.Nb4 Bf4 36.Qc3 Bb7
37.a4 Qc7 38.Qe1 Qe7 39.Qxe7+ Kxe7 40.Kf2 Bd6 41.Nd3 Ba6 42.Ke3 Ke6 43.Nf4+  1/2-1/2

[Event "IHEM"]
[Site "Hamburg GER"]
[Date "2003.06.15"]
[Round "9"]
[White "Hebbinghaus,H"]
[Black "Lindinger,M"]
[Result "1-0"]
[WhiteElo "2273"]
[BlackElo "2304"]

1.e4 c5 2.Nc3 Nc6 3.Bb5 Nd4 4.Nf3 Nxb5 5.Nxb5 g6 6.O-O Bg7 7.e5 a6 8.Nc3 d6
9.Re1 dxe5 10.Nxe5 Nf6 11.Qf3 O-O 12.d3 Ne8 13.Bf4 Nd6 14.Qd5 Qb6 15.Qb3 Qd8
16.Qd5 Be6 17.Qxc5 Rc8 18.Qe3 Qa5 19.Nf3 Nf5 20.Qd2 Bxc3 21.bxc3 Qxc3 22.Qxc3 Rxc3
23.g4 Ng7 24.Nd4 Rc5 25.Bh6 Bxg4 26.Rxe7 Rd8 27.Be3 Bc8 28.Re1 Ra5 29.Nb3 Rxa2
30.Bb6 Rd6 31.Rc7 Be6 32.Rxb7 Rxc2 33.Rb8+ Rc8 34.Rxe6  1-0

[Event "FSFMA June"]
[Site "Budapest HUN"]
[Date "2003.06.16"]
[Round "10"]
[White "Resika,N"]
[Black "Sallai,K"]
[Result "1/2-1/2"]
[WhiteElo "2185"]
[BlackElo "2188"]

1.e4 c5 2.Nf3 Nc6 3.Nc3 Nf6 4.d4 cxd4 5.Nxd4 e5 6.Ndb5 d6 7.Bg5 a6 8.Na3 b5
9.Bxf6 gxf6 10.Nd5 f5 11.c3 Bg7 12.exf5 Bxf5 13.Nc2 Be6 14.g3 O-O 15.Bg2 a5
16.O-O f5 17.Qe2 Rb8 18.Rad1 Qd7 19.f4 Kh8 20.Nce3 b4 21.Kh1 bxc3 22.bxc3 Ne7
23.fxe5 Bxe5 24.Nc4 Qb5 25.Qd3 Nxd5 26.Bxd5 Bxd5+ 27.Qxd5 Bxc3 28.Nxd6 Qxd5+
29.Rxd5 Rb2 30.a3 Ra2 31.Nb5 Bb2 32.Rd2 Ra1 33.Kg2 Rxf1 34.Kxf1 Be5 35.Re2 Bb8
36.a4 Kg7 37.Re7+ Kg6 38.Re6+ Kg5 39.Kg2 f4 40.Ra6 fxg3 41.hxg3 Kg4 42.Ra8 Rd8
43.Nc3 Rd2+ 44.Kf1  1/2-1/2

[Event "Master Open"]
[Site "Voronezh RUS"]
[Date "2003.06.20"]
[Round "8"]
[White "Ovetchkin,R"]
[Black "Kokarev,Dm"]
[Result "0-1"]
[WhiteElo "2535"]
[BlackElo "2483"]

1.e4 c5 2.Nc3 Nc6 3.Nf3 Nf6 4.Bb5 e5 5.Bxc6 dxc6 6.Nxe5 Nxe4 7.Nxe4 Qd4 8.O-O Qxe5
9.d4 Qxd4 10.Qf3 Be7 11.Bg5 f6 12.Rad1 Qxb2 13.Nd6+ Bxd6 14.Rfe1+ Kf7 15.Rxd6 Rf8
16.c3 Kg8 17.Bxf6 Bd7 18.Rxd7 Rxf6 19.Qg3 Rg6 20.Qd3 Rf6 21.f3 Raf8 22.Qc4+ Kh8
23.h3 b6 24.Rxa7 Qd2 25.Re2 Qd1+ 26.Kh2 Qd6+ 27.Kg1 b5 28.Qe4 b4 29.cxb4 cxb4
30.Qe7 Qg3 31.Qc5 h6 32.Qf2 Rxf3 33.Qxg3 Rxg3 34.Kh2 Rg5  0-1

[Event "2nd It"]
[Site "Grenoble FRA"]
[Date "2003.06.24"]
[Round "5"]
[White "Bolding,K"]
[Black "Aguettaz,M"]
[Result "0-1"]
[WhiteElo "2309"]
[BlackElo "2263"]

1.e4 c5 2.Nf3 Nc6 3.Nc3 Nf6 4.Bb5 Nd4 5.e5 Nxb5 6.Nxb5 Nd5 7.c4 Nc7 8.Nxc7+ Qxc7
9.O-O b6 10.Re1 Bb7 11.e6 dxe6 12.Ne5 Rc8 13.d3 g6 14.Bf4 Bg7 15.Qg4 Qd8
16.Re3 Bf6 17.Rae1 h5 18.Qg3 Rh7 19.h4 Kf8 20.Nxg6+ fxg6 21.Qxg6 Rf7 22.Bh6+ Bg7
23.Qh7 Ke8 24.Bxg7 Kd7 25.Rxe6 Qg8 26.Qxh5 Qxg7 27.g3 Rh8 28.Qd1 Rxh4 29.Qa4+ Kc7
30.R1e4 Rxe4 31.dxe4 Qxb2 32.f3 Qd4+ 33.Kg2 Qd2+ 34.Kh3 Qd7 35.Qxd7+ Kxd7
36.Re5 Rxf3 37.Kg4 Ra3 38.Kf5 Rxa2 39.g4 Rf2+ 40.Kg6 Rf4  0-1

[Event "62nd NY Masters"]
[Site "New York USA"]
[Date "2003.06.24"]
[Round "1"]
[White "Cela,A"]
[Black "Ross,L"]
[Result "1-0"]
[WhiteElo "2482"]
[BlackElo "2121"]

1.e4 c5 2.Nf3 Nc6 3.Nc3 Nf6 4.e5 Ng4 5.Qe2 Qc7 6.Nb5 Qb8 7.d4 cxd4 8.Bf4 f6
9.Bg3 Ngxe5 10.O-O-O d3 11.cxd3 d6 12.d4 Nf7 13.d5 Nce5 14.Qc2 Bg4 15.Nfd4 Bxd1
16.Kxd1 Nh6 17.Ne6 Kf7 18.f4 Neg4 19.Kd2 a6 20.Nbc7 Qa7 21.Nxa8 Qxa8 22.h3 b5
23.Qc6 Qxc6 24.Nd8+ Ke8 25.Nxc6 Nf5 26.Be1 Nge3 27.Bd3 Nc4+ 28.Bxc4 bxc4
29.g4 Nh6 30.Kc3 Kd7 31.Nb8+ Kc7 32.Nxa6+ Kb6 33.Nb4 Kb5 34.Bf2 Nf7 35.a4+ Ka5
36.Kxc4 h5 37.Nc6+ Ka6 38.b4 hxg4 39.b5+ Kb7 40.a5 Rxh3 41.a6+ Kc7 42.b6+ Kd7
43.Rxh3 gxh3 44.Bg1  1-0

[Event "TCh-BIH"]
[Site "Jahorina BIH"]
[Date "2003.06.27"]
[Round "9"]
[White "Puric,N"]
[Black "Predojevic,B"]
[Result "0-1"]
[WhiteElo "2319"]
[BlackElo "2430"]

1.e4 c5 2.Nc3 Nc6 3.Nf3 e6 4.d3 a6 5.g3 b5 6.Bg2 Bb7 7.O-O d6 8.Ne2 Be7 9.c3 Nf6
10.Ne1 d5 11.exd5 Nxd5 12.Nc2 O-O 13.d4 cxd4 14.Nexd4 Nxd4 15.Nxd4 Qb6 16.Ne2 Rfd8
17.Qb3 Rac8 18.Nf4 Nxf4 19.Bxf4 Bxg2 20.Kxg2 Qc6+ 21.Kg1 Qf3 22.Be3 h5 23.Rfe1 h4
24.gxh4 Bd6 25.Kf1 Rc4 26.Qd1 Qh3+ 27.Ke2 Bc7 28.Qc2 Qg4+ 29.Kf1 Re4 30.Red1 Qh3+
31.Ke1 Qxh4 32.Rxd8+ Bxd8 33.Kd1 Bg5 34.Qd2 Re5 35.Bxg5 Qg4+ 36.Kc1 Qg1+
37.Kc2 Qxa1 38.Qd8+ Kh7 39.Qd3+ Rf5 40.Kb3 Qh1 41.Be3 Qxh2 42.a4 Qc7 43.axb5 axb5
44.Kb4 Qc8 45.Ka5 Kg8 46.Qd6 Qa8+ 47.Kb6 Rd5 48.Qc7 Qe8 49.Bc5 Rd7 50.Qc6 Qb8+
51.Ka5 Rc7 52.Qxb5 Qa8+ 53.Kb4 Qe4+ 54.Ka5  0-1

[Event "It"]
[Site "Pancevo YUG"]
[Date "2003.06.27"]
[Round "8"]
[White "Grigoriants,S RUS"]
[Black "Sedlak,N"]
[Result "0-1"]
[WhiteElo "2506"]
[BlackElo "2524"]

1.e4 c5 2.Nc3 Nc6 3.Nf3 d6 4.d4 cxd4 5.Nxd4 Nf6 6.Bc4 Qb6 7.Ndb5 a6 8.Be3 Qa5
9.Nd4 e6 10.O-O Qc7 11.Bb3 Na5 12.f4 b5 13.a3 Bb7 14.Qd3 Rc8 15.Nxe6 fxe6
16.Bxe6 Rd8 17.Bd4 Be7 18.Rae1 Bc8 19.Nd5 Nxd5 20.Bxd5 Bh4 21.g3 Bf6 22.e5 Be7
23.Qe3 Nc4 24.Bxc4 bxc4 25.Bb6 Qc6 26.exd6 Rd7 27.Qc5 Rxd6  0-1

[Event "zt 3.2a Playoff g25+10"]
[Site "Ho Chi Minh City VIE"]
[Date "2003.06.30"]
[Round "2"]
[White "Paragua,M"]
[Black "Antonio,R"]
[Result "0-1"]
[WhiteElo "2500"]
[BlackElo "2521"]

1.e4 c5 2.Nf3 Nc6 3.Nc3 g6 4.d4 cxd4 5.Nxd4 Bg7 6.Nb3 Nf6 7.Be2 O-O 8.O-O d6
9.Re1 Be6 10.Bg5 Rc8 11.Bf1 a6 12.Nd5 Nd7 13.c3 Re8 14.a4 Nce5 15.Nd4 Bxd5
16.exd5 Nc4 17.Bxc4 Rxc4 18.Qb3 Rc7 19.Nf3 h6 20.Be3 Qc8 21.Bd4 Bxd4 22.Nxd4 Nf6
23.Rad1 Rc5 24.Nc2 b5 25.a5 Qc7 26.Nb4 Qxa5 27.Ra1 Qb6 28.Rxa6 Qb7 29.Rea1 Qd7
30.h3 Qf5 31.Rd1 g5 32.Rd3 Rc4 33.Ra1 g4 34.hxg4 Rxg4 35.Qd1 Kh7 36.Nc2 Qg6
37.Ne3 Rg5 38.Rd4 Rg8 39.Qf3 Nd7 40.Rf4 Ne5 41.Qe4 Qxe4  0-1

[Event "4th Open"]
[Site "Marseille FRA"]
[Date "2003.07.03"]
[Round "8"]
[White "Guadalpi,D"]
[Black "Lazarev,V"]
[Result "1/2-1/2"]
[WhiteElo "2337"]
[BlackElo "2517"]

1.e4 c5 2.Nc3 Nc6 3.Nf3 d6 4.d4 cxd4 5.Nxd4 Nf6 6.Bg5 e6 7.Qd2 a6 8.O-O-O Bd7
9.f4 b5 10.Bxf6 gxf6 11.Kb1 Qb6 12.Nxc6 Bxc6 13.Qe1 Ra7 14.f5 Qc5 15.Bd3 e5
16.Qh4 Be7 17.Rhf1 b4  1/2-1/2

[Event "32nd TCh-GRE"]
[Site "Kallithea Chalkidiki GRE"]
[Date "2003.07.04"]
[Round "1"]
[White "Mastoras,I"]
[Black "Tzermiadianos,And"]
[Result "1-0"]
[WhiteElo "2240"]
[BlackElo "2418"]

1.e4 c5 2.Nc3 Nc6 3.Nge2 Nf6 4.g3 g6 5.d4 cxd4 6.Nxd4 Bg7 7.Nxc6 bxc6 8.e5 Nd5
9.Nxd5 cxd5 10.c3 O-O 11.Bg2 Ba6 12.Be3 Bxe5 13.Qxd5 Qc7 14.Qc5 Qxc5 15.Bxc5 Rac8
16.Bb4 Rb8 17.O-O-O d6 18.Rhe1 Rfc8 19.a3 Bf6 20.h4 Bc4 21.Kb1 Rc7 22.Rd2 h5
23.a4 Be6 24.Re3 a5 25.Bxa5 Ra7 26.Bb4 Rxa4 27.Bd5 Bd7 28.Bb3 Ra7 29.Bc2 Kg7
30.Be4 Rb5 31.Rd5 Rb6 32.Rd2 Rba6 33.Ba3 Ra5 34.Kc2 Ba4+ 35.Kd3 d5 36.Bg2 Bb3
37.Ke2 Rc7 38.Bb4 Bc4+ 39.Ke1 Ra1+ 40.Rd1 Rca7 41.Bc5 Rxd1+ 42.Kxd1 Ra1+
43.Kc2 Rg1 44.Bh3 Rh1 45.Bd7 e5 46.b3 Ba6 47.Bc6 d4 48.Bxh1 dxe3 49.Bxe3 Kf8
50.Bc6 Be7 51.b4 Bc4 52.b5 Bd6 53.Ba7 Ke7 54.Be3 f5 55.b6 Bb8 56.Ba4 f4 57.Bc5+ Ke6
58.Be8 fxg3 59.fxg3 Kf5 60.Kd2 e4 61.Bf2 Be6 62.Ke3 Be5 63.Bc6 Bd6 64.Bxe4+ Ke5
65.b7 Bg4 66.Kd3 Bb8 67.Be3  1-0

[Event "White Nights"]
[Site "St Petersburg RUS"]
[Date "2003.07.04"]
[Round "6"]
[White "Andreikin,D"]
[Black "Ekdyshman,M"]
[Result "1/2-1/2"]
[WhiteElo "2402"]
[BlackElo "2448"]

1.e4 c5 2.Nf3 Nc6 3.Nc3 g6 4.d4 cxd4 5.Nxd4 Bg7 6.Be3 Nf6 7.Bc4 O-O 8.Bb3 d6
9.h3 Bd7 10.O-O Nxd4 11.Bxd4 Bc6  1/2-1/2

[Event "1st Stage Russian Cup"]
[Site "Tomsk RUS"]
[Date "2003.07.04"]
[Round "1"]
[White "Klimov,A"]
[Black "Kirillov,A"]
[Result "0-1"]
[WhiteElo "2150"]
[BlackElo "2395"]

1.e4 c5 2.Nc3 Nc6 3.Bb5 Nd4 4.Bc4 e6 5.Nf3 a6 6.a4 Nf6 7.O-O d5 8.exd5 exd5
9.Nxd5 Nxd5 10.Nxd4 cxd4 11.Qh5 Be6 12.Re1 Nf4 13.Qg4 Ng6 14.d3 Be7 15.Bxe6 fxe6
16.Rxe6 O-O 17.Bd2 Rc8 18.c4 dxc3 19.Bxc3 Rf4 20.Qh3 Bc5 21.Re2 Qf8 22.Qg3 Re8
23.Rxe8 Qxe8 24.d4 Bxd4 25.Bxd4 Rxd4 26.Qb3+ Qf7 27.Qb6 Qd5 28.Re1 Rd1 29.Qe3 h6
30.g3 Rxe1+ 31.Qxe1 Ne5  0-1

[Event "1st Stage Russian Cup"]
[Site "Tomsk RUS"]
[Date "2003.07.04"]
[Round "1"]
[White "Katkov,S"]
[Black "Gareev,T"]
[Result "0-1"]
[WhiteElo "2187"]
[BlackElo "2423"]

1.e4 c5 2.Nc3 Nc6 3.Bb5 Nd4 4.Bc4 e6 5.Nf3 Ne7 6.O-O Nec6 7.d3 Be7 8.Bf4 O-O
9.Nxd4 cxd4 10.Ne2 d6 11.c3 d5 12.exd5 exd5 13.Bb3 dxc3 14.Nxc3 Be6 15.Re1 Bf6
16.Qd2 Nd4 17.Bd1 Rc8 18.Be5 Bg5 19.Bf4 Be7 20.Ne2 Nc6 21.a3 Bf6 22.Rb1 a6
23.Bb3 Re8 24.Ba2 h6 25.h3 Qd7 26.Kh2 Ne7 27.Ng3 Ng6 28.Nh5 Bd4 29.Bg3 Rc6
30.Nf4 Nxf4 31.Bxf4 Rec8 32.Bb3 Qd8 33.Kg1 Qf6 34.Be3 Rb6 35.Bxd4 Qxd4 36.Bd1 Rbc6
37.Bb3 Qb6 38.Ba4 R6c7 39.Rbc1 Qd4 40.Rxc7 Rxc7 41.Bb3 Rc6 42.Re2 Bf5 43.Re3 Rb6
44.Qc2 Kh7 45.Rg3 Re6 46.Qd2 Rb6 47.Qc2 Re6 48.Qd2 Bg6 49.Bd1 Rb6 50.b4 Qa1
51.Kh2  0-1

[Event "Andorra"]
[Site "Andorra la Vella AND"]
[Date "2003.07.05"]
[Round "1"]
[White "Nisipeanu,LD"]
[Black "Aloma Vidal,R"]
[Result "1-0"]
[WhiteElo "2666"]
[BlackElo "2153"]

1.e4 c5 2.Nf3 Nc6 3.Nc3 g6 4.Bb5 Bg7 5.Bxc6 dxc6 6.h3 Nf6 7.d3 Nd7 8.Be3 e5
9.Qd2 Qe7 10.Bh6 Bxh6 11.Qxh6 f6 12.O-O-O Nf8 13.Nh4 Bd7 14.Rhf1 O-O-O 15.f4 Rg8
16.Rd2 Ne6 17.f5 Nf8 18.fxg6 hxg6 19.Rdf2 g5 20.Nf5 Bxf5 21.exf5 Nd7 22.Qh5 Rh8
23.Qe2 Qf7 24.Qe3 Kc7 25.b3 b6 26.Re2 Nb8 27.Ne4 a5 28.c3 Na6 29.Kb2 Kb7
30.a3 Nc7 31.c4 Na6 32.Kc2 Rhf8 33.g3 Qh7 34.Qf3 Rd4 35.h4 gxh4 36.Rh1 Rfd8
37.Rxh4 Qf7 38.Reh2 Nc7 39.Rh7 Qf8 40.Rd2 Kb8 41.Qh5 R4d7 42.Rxd7 Rxd7 43.Rh2 Qd8
44.Qh8 Ne8 45.Qf8 Ng7 46.Nxf6  1-0

[Event "ch-BEL"]
[Site "Eupen BEL"]
[Date "2003.07.05"]
[Round "1"]
[White "Akhayan,R"]
[Black "Gulbas,C"]
[Result "0-1"]
[WhiteElo "2228"]
[BlackElo "2340"]

1.e4 c5 2.Nf3 Nc6 3.Nc3 g6 4.Bc4 Bg7 5.O-O d6 6.Re1 a6 7.Bb3 e6 8.d3 Nge7
9.Bf4 h6 10.h4 e5 11.Bg3 Bg4 12.Qd2 Bxf3 13.gxf3 h5 14.Ne2 Qd7 15.c3 f5 16.f4 O-O-O
17.d4 cxd4 18.cxd4 exd4 19.Nc1 fxe4 20.Rxe4 d5 21.Re1 Qh3 22.Ba4 Nf5 23.Qd3 Rd6
24.Qf1 Qxf1+ 25.Kxf1 Bf6 26.Nd3 Bxh4 27.Bxh4 Nxh4 28.Rac1 Kb8 29.Ne5 Rc8
30.Rcd1 b5 31.Bb3 Nf5 32.Re2 Nce7 33.Nf7 Rdc6 34.Ree1 a5 35.Ne5 a4 36.Nxc6+ Rxc6
37.Bxa4 bxa4 38.Rc1 Rc4 39.b3 axb3 40.axb3 Rc3 41.b4 Kb7 42.Ra1 Rb3 43.Rab1 Rxb1
44.Rxb1 Kb6 45.b5 Nd6 46.Re1 Nef5 47.Re5 Nc4 48.Re6+ Kxb5 49.Rxg6 d3 50.Rg5 d2
51.Ke2 Nd4+ 52.Kd1 Kc5 53.Rg3 h4 54.Rh3 Nf5 55.Ke2 Kd4 56.Rb3 Ke4 57.Rb8 Nd4+
58.Kd1 Kd3 59.f5 h3  0-1

[Event "32nd TCh-GRE"]
[Site "Kallithea Chalkidiki GRE"]
[Date "2003.07.05"]
[Round "2"]
[White "Polzin,R"]
[Black "Agdestein,S"]
[Result "1-0"]
[WhiteElo "2464"]
[BlackElo "2571"]

1.e4 c5 2.Nf3 Nc6 3.Nc3 e5 4.Bc4 Be7 5.d3 Nf6 6.Ng5 O-O 7.f4 exf4 8.Bxf4 d6
9.O-O h6 10.Nf3 Be6 11.Nd5 Qd7 12.Qd2 Kh7 13.Rae1 Rae8 14.a3 Bd8 15.Ba2 Bxd5
16.exd5 Ne7 17.c4 Ng6 18.Bg3 Ng4 19.b4 f5 20.Bb1 cxb4 21.axb4 b5 22.h3 N4e5
23.Nxe5 dxe5 24.Qa2 bxc4 25.dxc4 e4 26.c5 Qb5 27.Bd6 Be7 28.Bxe7 Nxe7 29.d6 Nc6
30.d7 Re5 31.Rxe4 Rxe4 32.Bxe4 Qxb4 33.Rxf5 Rxf5 34.Bxf5+ Kh8 35.Qd5 Qe1+
36.Kh2 Nd8 37.Qe4  1-0

[Event "32nd TCh-GRE"]
[Site "Kallithea Chalkidiki GRE"]
[Date "2003.07.06"]
[Round "3"]
[White "Skripchenko,A"]
[Black "Tzermiadianos,And"]
[Result "1/2-1/2"]
[WhiteElo "2489"]
[BlackElo "2418"]

1.e4 c5 2.Nc3 Nc6 3.Bb5 Nd4 4.Bc4 e6 5.Nge2 Nf6 6.O-O a6 7.a4 Nxe4 8.Nxe4 d5
9.Nxd4 cxd4 10.Bd3 dxe4 11.Bxe4 Be7 12.Qf3 Qc7  1/2-1/2

[Event "31st World Open"]
[Site "Philadelphia USA"]
[Date "2003.07.06"]
[Round "8"]
[White "Del Mundo,A"]
[Black "Bierkens,P"]
[Result "1-0"]
[WhiteElo "2224"]
[BlackElo "2230"]

1.e4 c5 2.Nf3 Nc6 3.Nc3 e5 4.Bc4 d6 5.d3 h6 6.O-O Nf6 7.Ne1 Be7 8.g3 Bh3
9.Ng2 Nd4 10.Nd5 O-O 11.c3 Ne6 12.f4 Nc7 13.Nxf6+ Bxf6 14.Qh5 Be6 15.f5 Bxc4
16.dxc4 b5 17.cxb5 d5 18.exd5 Qxd5 19.Ne3 Qe4 20.Qg4 Qxg4 21.Nxg4 Nxb5 22.Nxf6+ gxf6
23.Bxh6 Rfd8 24.Kf2 Rab8 25.Ke2 Nd6 26.b3 c4 27.Rab1 Ne4 28.Rf3 Rd5 29.bxc4 Rxb1
30.cxd5 Rb2+ 31.Kd3 Nd6 32.Rf1 Rxh2 33.Be3 Rxa2 34.Bc5 e4+ 35.Ke3 Nc4+ 36.Kd4 Nd2
37.Rd1 Nb3+ 38.Kc4 Nd2+ 39.Kb5 e3 40.Bxe3 Ne4 41.Rd3 Kf8 42.Bh6+ Ke7 43.Re3 Kd6
44.Rxe4 Kxd5 45.Ra4 Rf2 46.Bf4  1-0

[Event "31st World Open"]
[Site "Philadelphia USA"]
[Date "2003.07.06"]
[Round "9"]
[White "Zimbeck,D"]
[Black "Sarkar,J"]
[Result "0-1"]
[WhiteElo "2132"]
[BlackElo "2389"]

1.e4 c5 2.Nf3 Nc6 3.Nc3 d6 4.d4 cxd4 5.Nxd4 Nf6 6.f3 Qb6 7.Nb3 e6 8.Qd3 a6
9.Be3 Qc7 10.g4 d5 11.O-O-O Nb4 12.Qe2 dxe4 13.fxe4 Be7 14.Rg1 Nd7 15.Bd4 O-O
16.g5 Nc6 17.Be3 b5 18.Qh5 Rd8 19.Rg3 Nce5 20.Kb1 Bb7 21.Bf4 Nf8 22.Rxd8 Rxd8
23.g6 Nfxg6 24.Rh3 h6  0-1

[Event "Andorra"]
[Site "Andorra la Vella AND"]
[Date "2003.07.07"]
[Round "3"]
[White "De la Riva Aguado,O"]
[Black "Van Blitterswijk,S"]
[Result "1-0"]
[WhiteElo "2543"]
[BlackElo "2412"]

1.e4 c5 2.Nc3 Nc6 3.Bb5 Nd4 4.Bc4 g6 5.Nf3 Bg7 6.Nxd4 cxd4 7.Qf3 Nh6 8.Ne2 O-O
9.d3 Qb6 10.Bb3 Kh8 11.h4 f6 12.Qg3 d6 13.Nf4 Qa5+ 14.Bd2 Qe5 15.c3 g5 16.Ng6+ hxg6
17.Qxe5 dxe5 18.hxg5 dxc3 19.bxc3 fxg5 20.Bxg5 Kh7 21.Ke2 Bg4+ 22.f3 Bh5
23.g4 Rxf3 24.Kxf3 Nxg4 25.Kg2 Bh6 26.Bd1 Bxg5 27.Bxg4 Kh6 28.Rh3 Bd2 29.Rah1 Rg8
30.c4 Bc3 31.Kf3 Rf8+ 32.Ke2 Bd4 33.R1h2 Kg5 34.Bxh5 gxh5 35.Rxh5+ Kg4 36.Rh8  1-0

[Event "Andorra"]
[Site "Andorra la Vella AND"]
[Date "2003.07.07"]
[Round "3"]
[White "Nisipeanu,LD"]
[Black "Fluvia Poyatos,J"]
[Result "1-0"]
[WhiteElo "2666"]
[BlackElo "2461"]

1.e4 c5 2.Nf3 Nc6 3.Nc3 Nf6 4.d4 cxd4 5.Nxd4 e5 6.Ndb5 d6 7.Na3 Be7 8.Bg5 O-O
9.Bxf6 Bxf6 10.Bc4 a6 11.Nd5 b5 12.Nxf6+ Qxf6 13.Bd5 Bd7 14.c3 b4 15.Nc4 Rab8
16.Qa4 Rfc8 17.O-O Rc7 18.Rad1 Nd4 19.Qa5 Nf3+ 20.Kh1 Rc5 21.Qxa6 Qf4 22.g3 Qg4
23.Qxd6 Rf8 24.Nxe5 Nxe5 25.f3 Nxf3 26.Qxc5 Qh5 27.Qf2 Bg4 28.Bb3 bxc3 29.bxc3 Ng5
30.Rd5 Nxe4 31.Qf4 Qg6 32.Rd8 Nxg3+ 33.hxg3  1-0

[Event "Andorra"]
[Site "Andorra la Vella AND"]
[Date "2003.07.08"]
[Round "4"]
[White "Andres Gonzalez,A"]
[Black "Cheparinov,I"]
[Result "0-1"]
[WhiteElo "2412"]
[BlackElo "2529"]

1.e4 c5 2.Nc3 Nc6 3.Nge2 d6 4.d4 cxd4 5.Nxd4 e5 6.Nf5 Bxf5 7.exf5 Qd7 8.Nd5 Nge7
9.Nxe7 Bxe7 10.g4 h5 11.c3 hxg4 12.Qxg4 g6 13.Bd3 d5 14.Be3 e4 15.Bb5 a6
16.Be2 gxf5 17.Qg3 O-O-O 18.Bb6 Rdg8 19.Qe3 f4 20.Qxf4 Bg5 21.Qg3 Bc1 22.Rxc1 Rxg3
23.fxg3 Kb8 24.Rd1 Qe6 25.O-O d4 26.Bxd4 Nxd4 27.Rxd4 Qxa2 28.Rxe4 Qxb2 29.Re7 Rh7
30.Rf2 Qa3 31.Rd7 Qc5 32.h4 Rg7 33.Rd3 a5 34.Kg2 Qe5 35.c4 f6 36.Kh2 Kc7
37.Bf1 Rg4 38.Bh3 Rxc4 39.Rd7+ Kb8 40.Rh7 Rc3 41.Rg7 Rb3 42.Bf5 a4 43.h5 Qe3
44.Rc2 a3 45.Rg8+ Ka7 46.Rg4 Rb2 47.Rxb2 axb2 48.Ra4+ Kb8 49.Rf4 Qe2+  0-1

[Event "26th Open"]
[Site "Barbera del Valles ESP"]
[Date "2003.07.08"]
[Round "4"]
[White "Vehi Bach,V"]
[Black "Asis Garagatagli,H"]
[Result "1-0"]
[WhiteElo "2416"]
[BlackElo "2156"]

1.e4 c5 2.Nc3 Nc6 3.Bb5 Nd4 4.Bc4 g6 5.Nf3 Bg7 6.Nxd4 cxd4 7.Qf3 Nh6 8.Ne2 O-O
9.c3 dxc3 10.dxc3 d6 11.h3 Kh8 12.O-O Qc7 13.Bb3 e5 14.Qd3 Be6 15.Rd1 Rfd8
16.Bg5 Rd7 17.Qd2 Bxb3 18.axb3 Ng8 19.c4 f6 20.Be3 a6 21.Nc3 Ne7 22.Na4 Rb8
23.Nc5  1-0

[Event "32nd TCh-GRE"]
[Site "Kallithea Chalkidiki GRE"]
[Date "2003.07.08"]
[Round "5"]
[White "Mastoras,I"]
[Black "Antoniewski,R"]
[Result "0-1"]
[WhiteElo "2240"]
[BlackElo "2499"]

1.e4 c5 2.Nc3 Nc6 3.Nge2 g6 4.d4 cxd4 5.Nxd4 Bg7 6.Nde2 Nf6 7.g3 b6 8.Bg2 Ba6
9.O-O Rc8 10.h3 O-O 11.Be3 d6 12.Qd2 Re8 13.Rac1 Nd7 14.Rfd1 Nc5 15.b3 Qd7
16.Nd5 f5 17.exf5 Qxf5 18.c4 Ne5 19.Nb4 Nf3+ 20.Bxf3 Qxf3 21.Nxa6 Nxa6 22.Nd4 Qh5
23.Nb5 Qxh3 24.Nxa7 Rb8 25.Nc6 Rbc8 26.Qd5+ e6 27.Qb5 Nc7 28.Qxb6 d5 29.Qb7 Bf6
30.Bd4 e5 31.Bb2 Bg5 32.Bxe5 Be3 33.Rc2 Rxe5 34.Qxc8+ Qxc8 35.Nxe5 Qh3 36.Nc6 Qxg3+
37.Kf1 Qh3+ 38.Ke2 Bg5 39.cxd5 Qg4+ 40.Ke1 Nxd5  0-1

[Event "25th Open"]
[Site "Oberwart AUT"]
[Date "2003.07.08"]
[Round "4"]
[White "Weiss,C"]
[Black "Stanec,N"]
[Result "1/2-1/2"]
[WhiteElo "2405"]
[BlackElo "2560"]

1.e4 c5 2.Nc3 Nc6 3.Nf3 g6 4.d4 cxd4 5.Nxd4 Bg7 6.Be3 Nf6 7.Be2 O-O 8.O-O d6
9.Qd2 Bd7 10.Nb3 Rc8 11.f3 a6 12.Na4 Be6 13.Nb6 Rb8 14.c4 Nd7 15.Nd5 b6 16.Rac1 Nc5
17.Nd4 Bd7 18.Nxc6 Bxc6 19.Nf4 a5 20.b3 Qd7 21.Rfd1 Qb7 22.Bf1 Rfe8 23.Ne2 Ne6  1/2-1/2

[Event "32nd TCh-GRE"]
[Site "Kallithea Chalkidiki GRE"]
[Date "2003.07.09"]
[Round "6"]
[White "Petrov,Marij"]
[Black "Mastoras,I"]
[Result "1/2-1/2"]
[WhiteElo "2475"]
[BlackElo "2240"]

1.e4 c5 2.Nf3 Nc6 3.Nc3 e5 4.Bc4 d6 5.d3 Nd4 6.Nd5 Ne7 7.Nxd4 Nxd5 8.Bxd5 cxd4
9.Qh5 g6 10.Qf3 Qe7 11.h4 h6 12.c4 Be6 13.h5 g5 14.Bxe6 Qxe6 15.Bd2 Be7 16.g4 Kd7
17.a4 Rhc8 18.a5 Rc6 19.Qd1 Rb8 20.f3 f6 21.Qa4 Kd8 22.Ke2 Qd7 23.Ra3 Rc7
24.Qxd7+ Kxd7 25.Rb3 Rc5 26.Bb4 Rc6 27.Bd2 Bd8 28.Ra1 Bc7 29.Kd1 Kc8 30.Rb5 Rc5
31.Rxc5 dxc5 32.b4 Kd7  1/2-1/2

[Event "18th North Sea Cup B"]
[Site "Esbjerg DEN"]
[Date "2003.07.10"]
[Round "7"]
[White "Berkvens,J"]
[Black "Hunt,H"]
[Result "0-1"]
[WhiteElo "2459"]
[BlackElo "2402"]

1.e4 c5 2.Nc3 Nc6 3.Bb5 Nd4 4.Bc4 e6 5.Nf3 Nf6 6.O-O a6 7.a4 Rb8 8.Re1 b5
9.axb5 axb5 10.Bf1 b4 11.Nxd4 cxd4 12.Nb5 Qb6 13.c3 dxc3 14.bxc3 Bb7 15.e5 Ne4
16.Re3 bxc3 17.Rb1 Rc8 18.dxc3 Qa5 19.Nd6+ Nxd6 20.exd6 Bc6 21.c4 f6 22.Qd4 Kf7
23.c5 g6 24.Ra3 Qd8 25.Ba6 Rb8 26.Rxb8 Qxb8 27.Qb2 Bh6 28.Rb3 Qa8 29.Bb7 Qa5
30.h3 Qe1+ 31.Kh2 Bxc1 32.Qd4 Rb8 33.Bxc6 Rxb3 34.Bxd7 Rb4  0-1

[Event "32nd TCh-GRE"]
[Site "Kallithea Chalkidiki GRE"]
[Date "2003.07.10"]
[Round "8"]
[White "Solak,D"]
[Black "Haritakis,T"]
[Result "1-0"]
[WhiteElo "2521"]
[BlackElo "2295"]

1.e4 c5 2.Nc3 Nc6 3.Bb5 Nd4 4.Bc4 g6 5.Nf3 Bg7 6.Nxd4 cxd4 7.Qf3 Nf6 8.Nb5 O-O
9.Nxd4 d5 10.exd5 e6 11.O-O exd5 12.Bb3 Ng4 13.Ne2 Qd6 14.Ng3 Be6 15.d3 a5
16.a4 Rac8 17.c3 Ne5 18.Qd1 h5 19.d4 Ng4 20.h3 h4 21.hxg4 hxg3 22.fxg3 Qxg3
23.Bf4 Qh4 24.g5 Rc6 25.Rf2 Rb6 26.g3 Qh5 27.Qxh5 gxh5 28.Bd1 Bg4 29.Bxg4 hxg4
30.Re1 f6 31.gxf6 Rbxf6 32.Re7 R8f7 33.Rxf7 Rxf7 34.Re2 b5 35.axb5 Rb7 36.Re8+  1-0

[Event "Andorra"]
[Site "Andorra la Vella AND"]
[Date "2003.07.11"]
[Round "7"]
[White "Al Modiahki,M"]
[Black "Campos Moreno,J"]
[Result "1/2-1/2"]
[WhiteElo "2574"]
[BlackElo "2509"]

1.e4 c5 2.Nf3 Nc6 3.Nc3 d6 4.d4 cxd4 5.Nxd4 Nf6 6.Bg5 e6 7.Qd2 Qb6 8.O-O-O Qxd4
9.Qxd4 Nxd4 10.Rxd4 a6 11.f3 Bd7 12.Na4 d5 13.exd5 Nxd5 14.Bc4 Bxa4 15.Bxd5 exd5
16.Rxa4 Bc5 17.c4 f6 18.Bf4 Kd7 19.cxd5 Rhe8 20.Re4 f5 21.Rxe8 Rxe8 22.Kd2 Bd6
23.Be3 Re5 24.g3  1/2-1/2